Instruccions per a regular els aprofitaments dels boscos de propietat particular i llur policia
Descripción Física:
50p. ; 12 cm
Materias:
Boscos -- Protecció -- Catalunya
MARC
| LEADER | 00000nam a2200000Ia 4500 | ||
|---|---|---|---|
| 001 | 8832 | ||
| 003 | AGDB | ||
| 005 | 20260410113644.0 | ||
| 008 | 160829s1934 xx 000 0 cat d | ||
| 040 | |a agdb |b cat | ||
| 080 | |a RF-3-82 | ||
| 245 | |a Instruccions per a regular els aprofitaments dels boscos de propietat particular i llur policia | ||
| 260 | |a Barcelona : |b Generalitat de Catalunya ; |c 1934 | ||
| 300 | |a 50p. ; |c 12 cm | ||
| 650 | 0 | |a Boscos |x Protecció |z Catalunya |9 22804 | |
| 710 | 1 | |a Catalunya. |b Generalitat |9 12125 | |
| 856 | 4 | |u https://media.diba.cat/diba/fitxers/arxiu/fulletons/bib_8832_1934_baixa.pdf |y Accés lliure | |
| 856 | 4 | |u https://media.diba.cat/diba/fitxers/arxiu/fulletons/bib_8832_1934_baixa.pdf |y Accés lliure | |
| 856 | 4 | 0 | |u https://www.diba.cat/documents/94831/401503169/bib_8832_1934_baixa.pdf/706e087c-e564-6221-79d2-6e4bb540b667?t=1702285332081 |z Accés lliure |
| 900 | |a bib_8832_1934_baixa.pdf | ||
| 901 | |a Arxiu | ||
| 942 | |n 1 |2 udc |c ARXIU | ||
| 952 | |0 0 |1 0 |4 0 |6 RF382 |7 1 |9 42341 |a Arxiu |b Arxiu |d 2016-12-01 |l 0 |o RF-3-82 |p 8832 |r 2016-12-01 00:00:00 |w 2016-12-01 |y ARXIU | ||
| 999 | |c 44819 |d 44819 | ||